Technological research on Pakistani cottons; (Record no. 62590)

MARC details
000 -LEADER
fixed length control field 00845cam a22002531 4500
001 - CONTROL NUMBER
control field sa 65002336
003 - CONTROL NUMBER IDENTIFIER
control field DLC
005 - DATE AND TIME OF LATEST TRANSACTION
control field 20260227112116.0
008 - FIXED-LENGTH DATA ELEMENTS--GENERAL INFORMATION
fixed length control field 780906s1960 pk ac 000 0 eng
010 ## - LIBRARY OF CONGRESS CONTROL NUMBER
LC control number sa 65002336
025 ## - OVERSEAS ACQUISITION NUMBER
Overseas acquisition number PL480:P-E-585
035 ## - SYSTEM CONTROL NUMBER
System control number (OCoLC)4201196
040 ## - CATALOGING SOURCE
Original cataloging agency DLC
Transcribing agency NcRS
Modifying agency NcRS
-- DLC
042 ## - AUTHENTICATION CODE
Authentication code premarc
043 ## - GEOGRAPHIC AREA CODE
Geographic area code a-pk---
050 00 - LIBRARY OF CONGRESS CALL NUMBER
Classification number TS1542
Item number .P3
110 2# - MAIN ENTRY--CORPORATE NAME
Corporate name or jurisdiction name as entry element Pakistan Central Cotton Committee.
245 10 - TITLE STATEMENT
Title Technological research on Pakistani cottons;
Remainder of title an account of the work carried out at I.C.C.C.'s institute at Matunga under the direction of Nazir Ahmad.
260 ## - PUBLICATION, DISTRIBUTION, ETC.
Place of publication, distribution, etc. Karachi,
Name of publisher, distributor, etc. Pakistan Central Cotton Committee
Date of publication, distribution, etc. [1960?]
300 ## - PHYSICAL DESCRIPTION
Extent iii, 281 p.
Other physical details illus. (part col.) port.
Dimensions 25 cm.
650 #0 - SUBJECT ADDED ENTRY--TOPICAL TERM
Topical term or geographic name entry element Cotton
General subdivision Testing.
650 #0 - SUBJECT ADDED ENTRY--TOPICAL TERM
Topical term or geographic name entry element Cotton
General subdivision Research
Geographic subdivision Pakistan.
700 1# - ADDED ENTRY--PERSONAL NAME
Personal name Ahmad, Nazir,
Dates associated with a name 1891-

No items available.

Powered by Koha